000 01122cam a2200325 a 4500
003 CHAP
005 20220329142447.0
008 010322d1998 mx r 10100 spa d
010 _a83791
011 _a84763
035 _a95289
040 _cCHAP
082 0 4 _a641.4
_bS4
111 0 0 _aSeminario Nacional Aceptación y Comercio de Alimentos Irradiados
_n(1997
_c: Toluca, Méx.)
_9104201
245 1 0 _aMemorias
_c/por Instituto Nacional de Investigaciones Nucleares
260 _aToluca, Méx. :
_bInstituto Nacional de Investigaciones Nucleares,
_c1998.
300 _a144 p :
_bcuads.; gráfs.; ilus.
590 _aBATCH-UPD
_b10
_c20130110
_lUCH01
_h0629
590 _aBATCH-UPD
_b10
_c20130410
_lUCH01
_h0312
590 _aBATCH-UPD
_b10
_c20130914
_lUCH01
_h0200
590 _aCONVERSION
_b10
_c20130109
_lUCH01
_h1347
650 1 4 _aAlimentos irradiados.
_94314
650 1 4 _aAlimentos
_xControl.
_94211
650 1 4 _aAlimentos
_xLeyes.
_94243
650 1 4 _aAlimentos
_xMercadeo.
_94245
901 _aBK
905 _aEdna Luz
942 _cLIBRO
949 _a641.4 S4
_bBC
_cLIBRO
_d33724000818142
_eLIBRO
_h99897
_i95289
_si
999 _c83791
_d83791